ARRUPE JESUIT UNIVERSITY

CORONAVIRUS -STOP THE SPREAD - CLEAN,DISINFECT,COVER

A comparative grammar of the South African Bantu languages, (Record no. 125318)

MARC details
000 -LEADER
fixed length control field 00889cam a2200241u 4500
001 - CONTROL NUMBER
control field 9602240
003 - CONTROL NUMBER IDENTIFIER
control field ARRUPE
005 - DATE AND TIME OF LATEST TRANSACTION
control field 20160922101516.0
008 - FIXED-LENGTH DATA ELEMENTS--GENERAL INFORMATION
fixed length control field 820803s1891 enkabg 000 0 eng
010 ## - LIBRARY OF CONGRESS CONTROL NUMBER
LC control number 03011123
040 ## - CATALOGING SOURCE
Original cataloging agency DLC
Transcribing agency CarP
Modifying agency DLC
050 00 - LIBRARY OF CONGRESS CALL NUMBER
Classification number PL8025
Item number .T57 1891
050 00 - LIBRARY OF CONGRESS CALL NUMBER
Classification number Microfilm 12122 PL
051 ## - LIBRARY OF CONGRESS COPY, ISSUE, OFFPRINT STATEMENT
Classification number PL8025
Item number .T57 1891a
Copy information Another issue. "Additions and corrections" (dated 1892): 4 p. appended.
300 ## - PHYSICAL DESCRIPTION
Other physical details illus. (music) map.
Dimensions 28 cm.
100 1# - MAIN ENTRY--PERSONAL NAME
Personal name Torrend, J.
Fuller form of name (Jules),
Dates associated with a name 1861-1936
9 (RLIN) 20786
245 02 - TITLE STATEMENT
Title A comparative grammar of the South African Bantu languages,
260 ## - PUBLICATION, DISTRIBUTION, ETC. (IMPRINT)
Place of publication, distribution, etc London,
Name of publisher, distributor, etc K. Paul, French, Trübner & co., ltd.,
Date of publication, distribution, etc 1891.
300 ## - PHYSICAL DESCRIPTION
Extent xlviii, 336 p.
583 ## - ACTION NOTE
Action Replace;
Public note LC copy replaced by preservation microfilm
Institution to which field applies DLC
650 #0 - SUBJECT ADDED ENTRY--TOPICAL TERM
Topical term or geographic name as entry element Bantu languages
General subdivision Grammar.
9 (RLIN) 26082
906 ## - LOCAL DATA ELEMENT F, LDF (RLIN)
a 0
b cbc
c premunv
d u
e ncip
f 19
g y-gencatlg
942 ## - ADDED ENTRY ELEMENTS (KOHA)
Source of classification or shelving scheme Library of Congress Classification
Koha item type Monograph ( Printed materials)
Holdings
Withdrawn status Lost status Source of classification or shelving scheme Damaged status Not for loan Collection code Home library Current library Shelving location Date acquired Total Checkouts Full call number Barcode Date last seen Price effective from Koha item type
    Library of Congress Classification     Main Collection ARRUPE LIBRARY ARRUPE LIBRARY Main Collection 22/09/2016   PL8025 .T57 1891 46500010100 22/09/2016 22/09/2016 Monograph ( Printed materials)

 

Arrupe Library. PO Box MP320 Mt Pleasant, Harare, Zimbabwe
263 242 745411|librarian@aju.ac.zw